| 000 | 00346nam a2200145Ia 4500 | ||
|---|---|---|---|
| 008 | 230917s9999||||xx |||||||||||||| ||und|| | ||
| 040 |
_e64236 _aMAIN |
||
| 041 | _aEnglish | ||
| 082 | _a589.2 V99S | ||
| 100 | _aVyas, S C | ||
| 245 | 0 | _aSystemic fungicides | |
| 260 |
_aNew Delhi _bTata McGraw-Hill _c1984 |
||
| 300 | _axvi, 360 p. | ||
| 942 | _cBK | ||
| 999 |
_c53332 _d53332 |
||